[Event "HUN-ch Rapid"]
[Site "Ajka"]
[Date "2021.07.16"]
[Round "1"]
[White "Mihok, Oliver"]
[Black "Lehocz, Jozsef"]
[Result "1-0"]
[WhiteElo "2536"]
[BlackElo "1938"]
[PlyCount "61"]
[EventDate "2021.07.16"]
[EventType "swiss (rapid)"]
[EventRounds "13"]
[EventCountry "HUN"]
[SourceTitle "CBM 203 Extra"]
[Source "ChessBase"]
[SourceDate "2021.09.30"]
[SourceVersion "1"]
[SourceVersionDate "2021.09.30"]
[SourceQuality "1"]

1. e4 Nf6 2. e5 Nd5 3. c4 Nb6 4. d4 d6 5. exd6 cxd6 6. Nc3 g6 7. Be3 Bg7 8. Rc1 0-0 9. b3 Nc6 10. d5 Ne5 11. Be2 f5 12. Nh3 h6 13. 0-0 Nbd7 14. Nb5 Nf6 15. Kh1 a6 16. Nd4 Neg4 17. Nf4 Nxe3 18. fxe3 Kh7 19. Nfe6 Bxe6 20. Nxe6 Qb6 21. Nxf8+ Rxf8 22. Bf3 Nd7 23. Qd2 a5 24. g4 Ne5 25. gxf5 gxf5 26. Bg2 Qb4 27. Qc2 Kh8 28. Rxf5 Rxf5 29. Qxf5 Qd2 30. Qc8+ Kh7 31. Be4+ 1-0

[Event "EU-ch Amateur Online 1700/2000"]
[Site "Tornelo INT"]
[Date "2021.04.24"]
[Round "6"]
[White "Sitsanis, Nikolaos1111"]
[Black "Lehocz, Jozsef"]
[Result "0-1"]
[WhiteElo "1660"]
[BlackElo "1940"]
[PlyCount "140"]
[EventDate "2021.04.24"]
[EventType "swiss (rapid)"]
[EventRounds "8"]
[EventCountry "NET"]
[SourceTitle "EXT 2023"]
[Source "ChessBase"]
[SourceDate "2022.10.05"]
[SourceVersion "1"]
[SourceVersionDate "2022.10.05"]
[SourceQuality "1"]

1. d4 Nf6 2. Nf3 d5 3. g3 Bf5 4. Bg2 e6 5. 0-0 h6 6. Nbd2 Bd6 7. c4 c6 8. b3 0-0 9. Bb2 b6 10. Ne1 Ne4 11. Nxe4 Bxe4 12. f3 Bg6 13. e4 Be7 14. Nd3 Bf6 15. e5 Be7 16. Bh3 c5 17. cxd5 exd5 18. f4 Be4 19. Nf2 cxd4 20. Bxd4 Nc6 21. Nxe4 dxe4 22. Be3 Qd3 23. Qxd3 exd3 24. Bg2 Rac8 25. Rfd1 Nb4 26. Rac1 Rxc1 27. Rxc1 Nxa2 28. Rd1 Nb4 29. Be4 Rd8 30. Kf2 Bc5 31. Bxc5 bxc5 32. Ke3 Kf8 33. Bxd3 Ke7 34. Be2 Nc2+ 35. Kf2 Rxd1 36. Bxd1 Nd4 37. Ke3 Ke6 38. Ke4 a5 39. h3 f5+ 40. exf6 gxf6 41. f5+ Kd6 42. g4 Nb5 43. Bc2 Nc3+ 44. Ke3 Nd5+ 45. Ke4 Nc3+ 46. Kd3 Nb5 47. h4 Ke5 48. Ke3 Nd4 49. Bd1 Nc6 50. Bf3 Nb4 51. Bg2 Nc2+ 52. Kd2 Nd4 53. Kc3 Kf4 54. Kc4 Kxg4 55. Kxc5 Nxb3+ 56. Kb5 Nd4+ 57. Kxa5 Nxf5 58. Kb4 Nxh4 59. Bh1 Kg3 60. Kc4 f5 61. Kd3 Kf2 62. Kd4 Ng6 63. Bc6 f4 64. Be8 Ne7 65. Ke4 Kg3 66. Bh5 Ng8 67. Kf5 f3 68. Bxf3 Kxf3 69. Kg6 Kg4 70. Kh7 h5 0-1

[Event "Drienica Saris op"]
[Site "Drienica"]
[Date "2020.08.14"]
[Round "8"]
[White "Macko, Michal"]
[Black "Lehocz, Jozsef"]
[Result "1-0"]
[WhiteElo "2142"]
[BlackElo "1981"]
[PlyCount "111"]
[EventDate "2020.08.07"]
[EventType "swiss"]
[EventRounds "9"]
[EventCountry "SVK"]
[SourceTitle "CBM 197 Extra"]
[Source "ChessBase"]
[SourceDate "2020.09.30"]
[SourceVersion "1"]
[SourceVersionDate "2020.09.30"]
[SourceQuality "1"]

1. e4 d5 2. exd5 Qxd5 3. Nc3 Qd6 4. Bc4 c6 5. Qe2 Nf6 6. d3 Bg4 7. f3 Bf5 8. Bd2 Nbd7 9. g4 Bg6 10. f4 h6 11. 0-0-0 b5 12. Bb3 a5 13. f5 a4 14. fxg6 axb3 15. gxf7+ Kxf7 16. axb3 Ra1+ 17. Nb1 e5 18. Nf3 Nd5 19. Rdf1 Kg8 20. g5 g6 21. gxh6 Nb4 22. Bg5 Nc5 23. Nxe5 Qxe5 24. Qxe5 Ncxd3+ 25. cxd3 Nxd3+ 26. Kc2 Nxe5 27. Rxf8+ Kxf8 28. Bf6 Rxh6 29. Bxe5 Ke7 30. Re1 Kd7 31. Rd1+ Ke7 32. Rd6 Rh5 33. Bg3 Rc5+ 34. Nc3 b4 35. Rd4 Kf7 36. Rxb4 Rf5 37. Rb7+ Ke6 38. b4 g5 39. Rc7 Ra6 40. Ne4 Ra8 41. Kd3 Ra1 42. Rxc6+ Kd7 43. Rc7+ Kd8 44. Rc5 Rf3+ 45. Kc2 g4 46. b5 Ra7 47. b6 Rd7 48. Bc7+ Kc8 49. Nd6+ Rxd6 50. Bxd6+ Kb7 51. Bc7 Rf2+ 52. Kb3 Rf3+ 53. Kb4 Rf2 54. b3 Re2 55. Kb5 g3 56. Bxg3 1-0

[Event "Drienica Saris op"]
[Site "Drienica"]
[Date "2020.08.12"]
[Round "6"]
[White "Manik, Mikulas"]
[Black "Lehocz, Jozsef"]
[Result "1-0"]
[WhiteElo "2366"]
[BlackElo "1981"]
[PlyCount "51"]
[EventDate "2020.08.07"]
[EventType "swiss"]
[EventRounds "9"]
[EventCountry "SVK"]
[SourceTitle "CBM 197 Extra"]
[Source "ChessBase"]
[SourceDate "2020.09.30"]
[SourceVersion "1"]
[SourceVersionDate "2020.09.30"]
[SourceQuality "1"]

1. e4 Nf6 2. e5 Nd5 3. d4 Nb6 4. Nf3 d5 5. a4 Bg4 6. Be2 e6 7. Ng5 Bxe2 8. Qxe2 Be7 9. Qh5 Bxg5 10. Bxg5 Qd7 11. 0-0 Nc6 12. c3 Na5 13. Nd2 Nbc4 14. Nxc4 dxc4 15. f4 h6 16. f5 Rf8 17. Bh4 c6 18. Rf2 Rc8 19. Raf1 c5 20. fxe6 Qxe6 21. d5 Qxd5 22. Rd1 Qe4 23. e6 g6 24. Qxc5 Nc6 25. e7 Rg8 26. Qxc6+ 1-0

[Event "Drienica Saris op"]
[Site "Drienica"]
[Date "2020.08.10"]
[Round "4"]
[White "Budjac, Martin"]
[Black "Lehocz, Jozsef"]
[Result "0-1"]
[WhiteElo "1657"]
[BlackElo "1981"]
[PlyCount "84"]
[EventDate "2020.08.07"]
[EventType "swiss"]
[EventRounds "9"]
[EventCountry "SVK"]
[SourceTitle "CBM 197 Extra"]
[Source "ChessBase"]
[SourceDate "2020.09.30"]
[SourceVersion "1"]
[SourceVersionDate "2020.09.30"]
[SourceQuality "1"]

1. d4 Nf6 2. c4 e5 3. dxe5 Ng4 4. Bf4 Nc6 5. Nf3 Bb4+ 6. Nc3 Qe7 7. Rc1 Ngxe5 8. Nxe5 Nxe5 9. a3 Bxc3+ 10. Rxc3 0-0 11. Qd5 d6 12. c5 Qf6 13. Bxe5 dxe5 14. e3 Be6 15. Qf3 Qg6 16. Bd3 f5 17. Qg3 Qf6 18. h4 Bd5 19. 0-0 Rad8 20. Qg5 Qe6 21. Rfc1 Rf6 22. h5 Rdf8 23. Bc4 h6 24. Qh4 f4 25. e4 Bxc4 26. Rxc4 Rd8 27. Qh3 Qxh3 28. gxh3 Rff8 29. Kg2 Rd2 30. R4c2 Rd4 31. Kf3 Kf7 32. Re1 Kf6 33. Kg4 Rfd8 34. Ree2 Rd1 35. Rc3 Rg1+ 36. Kh4 Rdd1 37. b4 Rg5 38. f3 Rdg1 39. c6 g6 40. hxg6 Kxg6 41. Rg2 R1xg2 42. cxb7 Rh5# 0-1

[Event "Balatonalmadi Pannonia Cup 27th"]
[Site "Balatonalmadi"]
[Date "2019.07.24"]
[Round "1"]
[White "Lehocz, Jozsef"]
[Black "Egresi, Mate"]
[Result "0-1"]
[WhiteElo "1955"]
[BlackElo "2341"]
[PlyCount "52"]
[EventDate "2019.07.24"]
[EventType "swiss"]
[EventRounds "7"]
[EventCountry "HUN"]
[SourceTitle "CBM 191 Extra"]
[Source "ChessBase"]
[SourceDate "2019.09.30"]
[SourceVersion "1"]
[SourceVersionDate "2019.09.30"]
[SourceQuality "1"]

1. e4 d6 2. d4 Nf6 3. Bd3 e5 4. c3 d5 5. Qe2 Nc6 6. Bg5 Be7 7. Bxf6 Bxf6 8. exd5 Qxd5 9. Be4 Qd6 10. f4 exd4 11. Bxc6+ Kd8 12. Ba4 c6 13. Qd3 Re8+ 14. Kd1 Bg4+ 15. Nf3 Re3 16. Qxe3 dxe3+ 17. Ke2 Qxf4 18. Bc2 Kc7 19. Na3 Bxf3+ 20. gxf3 Qh4 21. Raf1 Qh3 22. Rfg1 Rd8 23. Bd3 Rxd3 24. Kxd3 Qxf3 25. Rf1 Qg2 26. Nc2 Qd2+ 0-1

[Event "Budapest-chT1 Lilienthal 1718"]
[Site "Budapest"]
[Date "2018.02.04"]
[Round "8"]
[White "Lehocz, Jozsef"]
[Black "Letay, Gyula"]
[Result "1-0"]
[WhiteElo "2036"]
[BlackElo "1966"]
[PlyCount "77"]
[EventDate "2017.10.01"]
[EventType "team-tourn"]
[EventRounds "13"]
[EventCountry "HUN"]
[SourceTitle "EXT 2021"]
[Source "ChessBase"]
[SourceDate "2020.10.23"]
[SourceVersion "1"]
[SourceVersionDate "2020.10.23"]
[SourceQuality "1"]
[WhiteTeam "Aquarena III"]
[BlackTeam "Budapest Vasas II"]
[WhiteTeamCountry "HUN"]
[BlackTeamCountry "HUN"]

1. e4 e5 2. Bc4 Nc6 3. Nf3 Bc5 4. d3 h6 5. Nc3 a6 6. 0-0 Nf6 7. Be3 Qe7 8. Nd5 Nxd5 9. Bxd5 0-0 10. c3 Bxe3 11. fxe3 d6 12. d4 Nd8 13. Qe1 c6 14. Bb3 Kh7 15. Qg3 exd4 16. exd4 Ne6 17. Bc2 Kh8 18. Rae1 Ng5 19. Nh4 Bd7 20. e5 d5 21. Nf5 Bxf5 22. Rxf5 Rae8 23. Ref1 g6 24. Rf6 Nh7 25. R6f4 h5 26. h4 c5 27. Qf3 Kg7 28. Qxd5 cxd4 29. cxd4 Rd8 30. Rxf7+ Rxf7 31. Rxf7+ Qxf7 32. Qxd8 Qf4 33. Qc7+ Kh6 34. Qc3 Qc1+ 35. Kh2 Nf8 36. d5 g5 37. e6 Ng6 38. Bxg6 Qf4+ 39. Qg3 1-0

[Event "Budapest Karacsonyi op"]
[Site "Budapest"]
[Date "2017.12.29"]
[Round "4"]
[White "Lehocz, Jozsef"]
[Black "Szurkos, Andras"]
[Result "1/2-1/2"]
[WhiteElo "1962"]
[BlackElo "1667"]
[PlyCount "39"]
[EventDate "2017.12.27"]
[EventType "swiss"]
[EventRounds "7"]
[EventCountry "HUN"]
[SourceTitle "CBM 182 Extra"]
[Source "ChessBase"]
[SourceDate "2018.02.23"]
[SourceVersion "1"]
[SourceVersionDate "2018.02.23"]
[SourceQuality "1"]

1. e4 e5 2. Bc4 Nf6 3. Nf3 Nxe4 4. Nc3 Nf6 5. Nxe5 d5 6. Bb5+ c6 7. Qe2 Be6 8. Bd3 Bd6 9. Nf3 Nbd7 10. Bf5 Qe7 11. Bxe6 fxe6 12. d4 e5 13. dxe5 Bxe5 14. Nxe5 Qxe5 15. Qxe5+ Nxe5 16. Bf4 Ng6 17. Bg3 Kf7 18. f3 Rhe8+ 19. Kd2 d4 20. Ne2 1/2-1/2

[Event "HUN-chT2 Maroczy 1718"]
[Site "Hungary"]
[Date "2017.11.26"]
[Round "2.9"]
[White "Czegledi, Zsolt"]
[Black "Lehocz, Jozsef"]
[Result "1-0"]
[WhiteElo "2156"]
[BlackElo "1993"]
[PlyCount "67"]
[EventDate "2017.10.29"]
[EventType "team-tourn"]
[EventRounds "9"]
[EventCountry "HUN"]
[SourceTitle "EXT 2021"]
[Source "ChessBase"]
[SourceDate "2020.10.23"]
[SourceVersion "1"]
[SourceVersionDate "2020.10.23"]
[SourceQuality "1"]
[WhiteTeam "Toth Laszlo"]
[BlackTeam "Budapest Kobanya II"]
[WhiteTeamCountry "HUN"]
[BlackTeamCountry "HUN"]

1. d4 e6 2. c4 b6 3. Nc3 Bb7 4. Nf3 f5 5. g3 Nf6 6. Bg2 Bb4 7. 0-0 0-0 8. Qc2 Qe8 9. Nb5 Na6 10. Bf4 Qc8 11. a3 Be4 12. Qd1 Be7 13. Nc3 d6 14. Nxe4 fxe4 15. Ng5 d5 16. Bh3 Qb7 17. Bxe6+ Kh8 18. Nf7+ Rxf7 19. Bxf7 c6 20. cxd5 cxd5 21. Rc1 Qd7 22. Be5 Rf8 23. Bxf6 Bxf6 24. Bh5 g6 25. e3 gxh5 26. Qxh5 Nc7 27. f4 Ne6 28. Qh3 Qd6 29. Rc2 Re8 30. Rfc1 Nxd4 31. exd4 Bxd4+ 32. Kf1 Re7 33. Rc8+ Kg7 34. R1c6 1-0

[Event "Budapest-chT1 Lilienthal 1314"]
[Site "Budapest"]
[Date "2014.02.23"]
[Round "8"]
[White "Lehocz, Jozsef"]
[Black "Palla, Akos Botond"]
[Result "1-0"]
[WhiteElo "2110"]
[BlackElo "2076"]
[PlyCount "87"]
[EventDate "2013.09.29"]
[EventType "team-tourn"]
[EventRounds "11"]
[EventCountry "HUN"]
[SourceTitle "EXT 2021"]
[Source "ChessBase"]
[SourceDate "2020.10.23"]
[SourceVersion "1"]
[SourceVersionDate "2020.10.23"]
[SourceQuality "1"]
[WhiteTeam "REAC SISE"]
[BlackTeam "Sarkany II"]
[WhiteTeamCountry "HUN"]
[BlackTeamCountry "HUN"]

1. e4 c5 2. Nf3 d6 3. d4 cxd4 4. Nxd4 Nf6 5. Nc3 g6 6. Bg5 Bg7 7. Qd2 Nc6 8. Nb3 Be6 9. 0-0-0 a6 10. f3 Bxb3 11. cxb3 Qa5 12. Bc4 0-0 13. h4 b5 14. Bd5 Rac8 15. Bxc6 Rxc6 16. Kb1 b4 17. Ne2 Rfc8 18. Rc1 Qb6 19. Rxc6 Rxc6 20. Rc1 a5 21. Be3 Rxc1+ 22. Qxc1 Qa6 23. Qc4 Qb7 24. Nd4 d5 25. Qc6 Qxc6 26. Nxc6 dxe4 27. Nxa5 exf3 28. gxf3 Nd5 29. Bf2 f5 30. Nc6 Kf7 31. Bc5 Bf6 32. Nxb4 Nxb4 33. Bxb4 Bxh4 34. Bc5 Ke6 35. a4 Kd5 36. b4 Kc4 37. Kc2 Bf6 38. b3+ Kd5 39. a5 Kc6 40. a6 h5 41. b5+ Kc7 42. b6+ Kb8 43. Kd3 h4 44. Kc4 1-0

[Event "Budapest-chT1 Lilienthal 1213"]
[Site "Budapest"]
[Date "2013.04.14"]
[Round "10"]
[White "Lehocz, Jozsef"]
[Black "Gyurkovics, Miklos"]
[Result "1-0"]
[WhiteElo "2099"]
[BlackElo "2186"]
[PlyCount "65"]
[EventDate "2012.09.30"]
[EventType "team-tourn"]
[EventRounds "11"]
[EventCountry "HUN"]
[SourceTitle "EXT 2019"]
[Source "ChessBase"]
[SourceDate "2018.10.10"]
[SourceVersion "1"]
[SourceVersionDate "2018.10.10"]
[SourceQuality "1"]
[WhiteTeam "Budapest REAC SISE"]
[BlackTeam "Budapest Vasas II"]
[WhiteTeamCountry "HUN"]
[BlackTeamCountry "HUN"]

1. e4 c5 2. Nf3 e6 3. d4 cxd4 4. Nxd4 Qb6 5. Nb3 a6 6. Be3 Qc7 7. N1d2 d6 8. f4 Nd7 9. Bd3 Be7 10. Qf3 Ngf6 11. g4 g5 12. 0-0-0 gxf4 13. Bxf4 Ne5 14. Bxe5 dxe5 15. g5 Nd7 16. Rhf1 Rf8 17. Qh5 Nb6 18. h4 Bd7 19. Rxf7 Rxf7 20. Rf1 0-0-0 21. Qxf7 Ba4 22. Qxe6+ Kb8 23. Nc4 Nxc4 24. Qxc4 Qxc4 25. Bxc4 Bxb3 26. Bxb3 Rf8 27. Rf5 Bc5 28. Kd2 Kc7 29. Rxe5 Bd4 30. Rf5 Rxf5 31. exf5 Kd6 32. c3 Bg7 33. f6 1-0

[Event "Budapest-chT1 Lilienthal 1213"]
[Site "Budapest"]
[Date "2012.09.30"]
[Round "1"]
[White "Teglas, Balazs"]
[Black "Lehocz, Jozsef"]
[Result "1-0"]
[WhiteElo "2221"]
[BlackElo "2099"]
[PlyCount "53"]
[EventDate "2012.09.30"]
[EventType "team-tourn"]
[EventRounds "11"]
[EventCountry "HUN"]
[SourceTitle "EXT 2019"]
[Source "ChessBase"]
[SourceDate "2018.10.10"]
[SourceVersion "1"]
[SourceVersionDate "2018.10.10"]
[SourceQuality "1"]
[WhiteTeam "Fabulon"]
[BlackTeam "Budapest REAC SISE"]
[WhiteTeamCountry "HUN"]
[BlackTeamCountry "HUN"]

1. d4 b6 2. Bf4 Bb7 3. e3 e6 4. Nf3 Be7 5. Nbd2 Nf6 6. h3 0-0 7. Bd3 d6 8. 0-0 Nbd7 9. a4 Nh5 10. Bh2 f5 11. Qe2 Qe8 12. a5 Qg6 13. Bb5 Ndf6 14. Qc4 Nd5 15. a6 Bc8 16. Bc6 Rb8 17. Bxd5 exd5 18. Qxc7 Re8 19. Qxb8 f4 20. Qxa7 Bxh3 21. Ne1 Bh4 22. Ndf3 Qg4 23. Qb7 fxe3 24. Qxd5+ Kh8 25. Nxh4 e2 26. Qf3 exf1Q+ 27. Kxf1 1-0

[Event "Budapest-chT1 Lilienthal 1112"]
[Site "Budapest"]
[Date "2012.03.18"]
[Round "10"]
[White "Lehocz, Jozsef"]
[Black "Csaki, Balazs"]
[Result "1-0"]
[WhiteElo "2127"]
[BlackElo "1777"]
[PlyCount "97"]
[EventDate "2011.10.02"]
[EventType "team-tourn"]
[EventRounds "11"]
[EventCountry "HUN"]
[SourceTitle "EXT 2020"]
[Source "ChessBase"]
[SourceDate "2019.10.17"]
[SourceVersion "1"]
[SourceVersionDate "2019.10.17"]
[SourceQuality "1"]
[WhiteTeam "REAC SISE"]
[BlackTeam "Budapest HUSI II"]
[WhiteTeamCountry "HUN"]
[BlackTeamCountry "HUN"]

1. e4 c5 2. Nf3 e6 3. d4 cxd4 4. Nxd4 Nf6 5. Nc3 Nc6 6. Bg5 Bb4 7. Nxc6 bxc6 8. Qf3 h6 9. Bh4 Be7 10. Bd3 d5 11. e5 Nd7 12. Bg3 a6 13. Qg4 0-0 14. h4 Nc5 15. Bf4 Nxd3+ 16. cxd3 Kh8 17. Rh3 Bd7 18. Rg3 Rg8 19. Qh5 Bf8 20. Qxf7 Qe7 21. Qxe7 Bxe7 22. Rh3 Rab8 23. 0-0-0 Rb4 24. d4 Rgb8 25. Rd2 c5 26. Be3 c4 27. g4 a5 28. f4 R4b7 29. Rf2 Bb4 30. Bd2 Bxc3 31. Bxc3 a4 32. f5 Kg8 33. f6 Be8 34. fxg7 Rxg7 35. Rf6 Rg6 36. h5 Rxf6 37. exf6 Kh7 38. Kd2 Bf7 39. Ke3 Rg8 40. Kf4 Rb8 41. Ke5 Rb6 42. Rg3 a3 43. bxa3 Rb7 44. Rg2 Ra7 45. Bb4 Ra8 46. g5 hxg5 47. Rxg5 Kh6 48. Bd2 Bg8 49. Rxg8+ 1-0

[Event "HUN-chT2 9899"]
[Site "Hungary"]
[Date "1999.??.??"]
[Round "?"]
[White "Kovacs, Arthur"]
[Black "Lehocz, Jozsef"]
[Result "1/2-1/2"]
[WhiteElo "2175"]
[BlackElo "2106"]
[PlyCount "49"]
[EventDate "1998.??.??"]
[EventType "team"]
[EventRounds "12"]
[EventCountry "HUN"]
[SourceTitle "EXT 2000"]
[Source "ChessBase"]
[SourceDate "1999.11.16"]
[SourceVersion "1"]
[SourceVersionDate "1999.11.16"]
[SourceQuality "1"]

1. d4 Nf6 2. Nf3 g6 3. c4 Bg7 4. Nc3 d6 5. e4 0-0 6. Be2 Nbd7 7. 0-0 e5 8. Re1 a5 9. Bf1 c6 10. h3 Qc7 11. Be3 Nh5 12. dxe5 dxe5 13. Nd2 Nf4 14. a3 Ne6 15. b4 f5 16. f3 Nf6 17. c5 Rd8 18. Qc2 Nd4 19. Qb2 Be6 20. Bc4 Qf7 21. Bxe6 Nxe6 22. Rad1 f4 23. Bf2 axb4 24. axb4 Nd4 25. Ndb1 1/2-1/2

[Event "HUN-chT2 9899"]
[Site "Hungary"]
[Date "1999.??.??"]
[Round "?"]
[White "Kovacs, Tamas"]
[Black "Lehocz, Jozsef"]
[Result "0-1"]
[WhiteElo "2145"]
[BlackElo "2106"]
[PlyCount "80"]
[EventDate "1998.??.??"]
[EventType "team"]
[EventRounds "12"]
[EventCountry "HUN"]
[SourceTitle "EXT 2000"]
[Source "ChessBase"]
[SourceDate "1999.11.16"]
[SourceVersion "1"]
[SourceVersionDate "1999.11.16"]
[SourceQuality "1"]

1. d4 Nf6 2. c4 d6 3. Nc3 g6 4. e4 Bg7 5. f3 0-0 6. Bg5 Nbd7 7. Qd2 e5 8. d5 a5 9. Nge2 Nc5 10. Nc1 Qe8 11. Nd3 Nfd7 12. Be2 Nxd3+ 13. Bxd3 Nc5 14. Nb5 f6 15. Be3 Nxd3+ 16. Qxd3 Qe7 17. 0-0 f5 18. Rac1 f4 19. Bf2 b6 20. b3 g5 21. Rc3 h5 22. a3 g4 23. fxg4 hxg4 24. b4 Ba6 25. Rfc1 axb4 26. axb4 Qd7 27. Na3 Rf6 28. Qd1 Raf8 29. R1c2 f3 30. c5 bxc5 31. bxc5 Be2 32. Qe1 Rf4 33. c6 Qf7 34. Re3 Qg6 35. Rexe2 fxe2 36. Rxe2 Rb8 37. Bg3 Rf7 38. Nc4 Bh6 39. Bf2 Rb3 40. Be3 Qxe4 0-1